01225 a2200181 4500001000700000020001800007020000900025041000800034082000800042100001500050520074600065856002400811040002500835245008400860260003000944300003400974700003501008119175 a9781542006668 qenc. aeng a398 aFunk, Josh aLittle Red likes to play by the rules. So when the narrator comes along and asks her to follow the story set out in her fairy tale, she grabs the basket for Grandma and goes. After all, she loves her grandma. But unfortunately, none of the other characters are quite what they're expecting.... As Little Red attempts to follow the narrator's directions (which, frankly, seem kind of dangerous!), she is beset by fill-in characters, confusing instructions, and even a fierce battle! Will Little Red ever make it to Grandma's house? And who will she find when she gets there? Complete with some unusual "guest appearances," this laugh-out-loud Little Red Riding Hood retelling will have kids giggling all the way to Grandma's house! Ding-dong! u000034/00003462.jpg aBR-BrIDEAcBR-BrIDEA10aIt's not little red riding hoodcby Josh Funk ; Illustrated by Edwardian Taylor aNew YorkbTwo Lionsc2020 a1 volume (unpaged)bcol. ill. aTaylor, Edwardianeillustrator